Skip to content
VuFind
All Fields
Title
Author
Subject
Call Number
ISBN/ISSN
Tag
Find
Advanced
Business Law
Cite this
Print
Export Record
Export to RefWorks
Export to EndNoteWeb
Export to EndNote
Export to MARC
Business Law
Bibliographic Details
Format:
Book
Holdings
Description
Similar Items
Staff View
MARC
LEADER
00000cam a2200000 7i4500
001
0000008263
002
000009009
005
20000330.0
020
|a
1859410413
090
0
0
|a
344.20666
|b
KEL
245
1
0
|a
Business Law
999
|a
047530
|b
BUKU
|c
PINJAMAN
|e
PERPUSTAKAAN KOMUNITI PETALING JAYA
Similar Items
Business law
by: Kelly, David
Published: (1995)
Business law
Published: (2011)
Modern business law : principles and practice
by: Lewis, Arthur
Published: (1994)
Law for business studies students
by: Owens, Keith
Published: (1995)
Employment law for business students
by: Nairns, Janice
Published: (2004)